<?xml version="1.0" encoding="UTF-8"?><?xml-stylesheet type="text/xsl" href="static/style.xsl"?><OAI-PMH xmlns="http://www.openarchives.org/OAI/2.0/" xmlns:xsi="http://www.w3.org/2001/XMLSchema-instance" xsi:schemaLocation="http://www.openarchives.org/OAI/2.0/ http://www.openarchives.org/OAI/2.0/OAI-PMH.xsd"><responseDate>2026-04-27T20:23:29Z</responseDate><request verb="GetRecord" identifier="oai:uvadoc.uva.es:10324/5933" metadataPrefix="marc">https://uvadoc.uva.es/oai/request</request><GetRecord><record><header><identifier>oai:uvadoc.uva.es:10324/5933</identifier><datestamp>2025-02-10T13:18:28Z</datestamp><setSpec>com_10324_38</setSpec><setSpec>col_10324_852</setSpec></header><metadata><record xmlns="http://www.loc.gov/MARC21/slim" xmlns:doc="http://www.lyncode.com/xoai" xmlns:xsi="http://www.w3.org/2001/XMLSchema-instance" xmlns:dcterms="http://purl.org/dc/terms/" xsi:schemaLocation="http://www.loc.gov/MARC21/slim http://www.loc.gov/standards/marcxml/schema/MARC21slim.xsd">
<leader>00925njm 22002777a 4500</leader>
<datafield tag="042" ind1=" " ind2=" ">
<subfield code="a">dc</subfield>
</datafield>
<datafield tag="720" ind1=" " ind2=" ">
<subfield code="a">Sánchez Rodríguez, Asela Elena</subfield>
<subfield code="e">author</subfield>
</datafield>
<datafield tag="260" ind1=" " ind2=" ">
<subfield code="c">2014</subfield>
</datafield>
<datafield tag="520" ind1=" " ind2=" ">
<subfield code="a">Este Trabajo de Fin de Grado analiza el tema de la interculturalidad dentro del área de lengua extranjera: inglés. Para ello, se establece un marco teórico donde se aborda la cuestión desde varias perspectivas para posteriormente realizar una aplicación didáctica. &#xd;
En primer lugar, se plantea una unidad didáctica fundamentada en la teoría, después se expone el desarrollo real de una de las actividades de dicha unidad a modo de ejemplo, y por último se lleva a cabo una evaluación que pueda aportarnos posibilidades de adaptación y mejora. Las conclusiones finales reflexionan de manera global acerca del material didáctico presentado, relacionándolo al mismo tiempo con la interculturalidad.</subfield>
</datafield>
<datafield tag="024" ind2=" " ind1="8">
<subfield code="a">http://uvadoc.uva.es/handle/10324/5933</subfield>
</datafield>
<datafield ind1=" " ind2=" " tag="653">
<subfield code="a">Interculturalidad</subfield>
</datafield>
<datafield ind1=" " ind2=" " tag="653">
<subfield code="a">Inglés (Lengua)-Estudio y enseñanza</subfield>
</datafield>
<datafield tag="245" ind1="0" ind2="0">
<subfield code="a">La perspectiva intercultural en el área de lengua extranjera: Inglés</subfield>
</datafield>
</record></metadata></record></GetRecord></OAI-PMH>